000 00279nam a2200109Ia 4500
008 200302s9999 xx 000 0 und d
100 _aS. S. Bhavikatti
245 _aStrength of Materials 3rd ed.
260 _bVikas Publishing House Pvt. Ltd.
260 _c2008
300 _a406 P.,
999 _c2534
_d2534